Responses for Show #7418 - Wednesday, December 7, 2016

Tim Aten game 4.

Contestants

[<< previous game]

Wendi Rottweiler, a librarian from South Brunswick, New Jersey

Jaime Ryan, a technology strategist from San Marcos, California

Tim Aten, an editor from Vermilion, Ohio (whose 3-day cash winnings total $56,300)

[next game >>]

Jeopardy! Round responses

THE GREAT LOOP
(Alex: ...for those of you people who like to travel in America.)
FUNNY LADIES
JOIN THE CONJUNCTION
(Alex: We need you to identify each paper denomination...)
ON THE MONEY
OPERATION
DRUGZ
    $200 8
(Tim: What is Miami Beach?)
(Wendi: What is Daytona?)

Fort Lauderdale

TimWendi
Triple Stumper
    $200 7
Tina Fey

Tim
    $200 11
if

Tim
    $200 9
the dollar

Wendi
    $200 4
(Alex: The D-Day invasion in [*] of 1944.)

June

Triple Stumper
    $200 14
(Wendi: [Selecting] Give me some DRUGZ for $200, please.)
(Alex: Whoa!)
[laughter]

cholesterol

Tim
    $400 23
the Erie Canal

Triple Stumper
    $400 6
Joan Rivers

Wendi
    $400 12
(Wendi: What is either [eye-ther]?)
(Tim: What is either [ee-ther]?)

whether

TimWendi
Triple Stumper
    $400 18
(Alex: Yes, Alexander Hamilton.)

the $10 bill

Tim
    $400 5
Iran

Tim
    $400 15
decongestant

Tim
    $600 28
Chicago

Tim
    $600 1
Melissa McCarthy

Tim
    $600 13
so

Wendi
    $600 19
(Wendi: Who is Jefferson?)

the $2 bill

TimWendi
    $600 10
(Wendi: Uh-- oh my goodness. Uh...)

the Southern Christian Leadership Conference

Wendi
Triple Stumper
    $600 16
heartburn

Wendi
    $800 29
[The end-of-round signal sounds.]

the Ohio

Triple Stumper
    $800 2
Roseanne

Tim
    $800 26
yet

Tim
    $1,200 20
(Alex: For Andrew Jackson.)

the $20 bill

Tim
    $800 24
(Alex: With less than a minute to go.)

Munich

Jaime
    $800 17
antibiotic

Jaime
    $1000 3
Sandra Bernhard

Jaime
    $1000 27
whereas

Triple Stumper
    $1000 21
(Alex: U.S. Grant.)

the $50 bill

Tim
    $1000 25
Inchon

Triple Stumper
    $1000 22
anti-inflammatory

Jaime

Scores at the first commercial break (after clue 15):

Tim Jaime Wendi
$2,200 $1,000 $0

Scores at the end of the Jeopardy! Round:

Tim Jaime Wendi
$6,800 $3,600 $0

Double Jeopardy! Round responses

THE ROOM WHERE IT HAPPENS
DIRECTORS ON FILM
ALLOYS
POETRY
NOTHING BUT NET
LET'S CALL IT A "DAY"
    $400 1
Lincoln

Tim
    $400 25
Spielberg

Jaime
    $400 16
copper

Jaime
    $400 21
the Harlem Renaissance

Wendi
    $400 10
espresso

Tim
    $400 2
daybreak

Tim
    $800 7
(Jaime: What is the reflecting hall?)
(Wendi: What is the mirror room?)

the Hall of Mirrors

JaimeWendi
Triple Stumper
    $800 20
lead

Tim
    $800 22
Lexington

Triple Stumper
    $800 11
(Wendi: Who is IBM?)

AOL

JaimeWendi
    $800 3
Day-Glo

Tim
    $1200 8
Julius Caesar

Wendi
    $1200 19
pewter

Wendi
    $1200 23
(Jaime: What is "The Road Less Traveled"?)
...
(Alex: Less than a minute now.)

"The Road Not Taken"

TimJaime
    $1200 12
Linux

Jaime
    $1200 4
a Monday morning quarterback

Jaime
    $1600 9
through the window

Jaime
    $1600 27
[The end-of-round signal sounds.]

John Huston

Triple Stumper
    $2,400 18
an amalgam

Jaime
    $1600 24
a Grecian urn

Tim
    $1600 13
(Alex: And that would be the Canadian Broadcasting Corporation, or the [*].)

CBC

Triple Stumper
    $1600 5
a girl Friday

Wendi
    $3,400 15
(Alex: Jaime? Not coming?)
(Jaime: What is the Room room?)

the holy of holies

Jaime
    $2000 26
Ron Howard

Triple Stumper
    $2000 17
chromium

Triple Stumper
    $2000 14
(Jaime: What is DARPANET?)

ARPANET

Jaime
Triple Stumper
    $2000 6
a red-letter day

Triple Stumper

Scores at the end of the Double Jeopardy! Round:

Tim Jaime Wendi
$12,400 $4,200 $2,800
(lock game)

[wagering suggestions for these scores]

Final Jeopardy! Round responses

PRESIDENTIAL ELECTIONS
WendiWhat was Hawaii
$700
JaimeWhat is Hawaii?
$1,400
TimWhat is Arizona?
$2,600
(1 of) Arizona & New Mexico

Final scores:

Tim Jaime Wendi
$15,000 $2,800 $2,100
4-day champion: $71,300 2nd place: $2,000 3rd place: $1,000

Game dynamics:

Coryat scores:

Tim Jaime Wendi
$12,000 $6,800 $2,800
20 R
(including 1 DD),
2 W
11 R
(including 1 DD),
4 W
(including 1 DD)
8 R,
6 W

Combined Coryat: $21,600

[game clues] [game scores] [suggest correction]

Game tape date: 2016-08-30
The J! Archive is created by fans, for fans. Scraping, republication, monetization, and malicious use prohibited; this site may use cookies and collect identifying information. See terms. The Jeopardy! game show and all elements thereof, including but not limited to copyright and trademark thereto, are the property of Jeopardy Productions, Inc. and are protected under law. This website is not affiliated with, sponsored by, or operated by Jeopardy Productions, Inc. Join the discussion at JBoard.tv.